000
00300nam a22001337a 4500
008
170608b xxu||||| |||| 00| 0 eng d
020
_a
9780072565638
041
_a
eng
080
_2
4TH
_a
94(7/8)
100
_a
18
101
_a
SHH
245
_a
THE UNFINISHED NATION
_c
BRINKLEY,A
942
_2
udc
_c
BK
999
_c
16496
_d
16496